MARC details
| 000 -LEADER |
| fixed length control field |
01267 a2200361 4500 |
| 001 - CONTROL NUMBER |
| control field |
200422790 |
| 003 - CONTROL NUMBER IDENTIFIER |
| control field |
TR-AnTOB |
| 005 - DATE AND TIME OF LATEST TRANSACTION |
| control field |
20241015145136.0 |
| 008 - FIXED-LENGTH DATA ELEMENTS--GENERAL INFORMATION |
| fixed length control field |
150828b tu 000 0 |
| 020 ## - INTERNATIONAL STANDARD BOOK NUMBER |
| International Standard Book Number |
9241562838 |
| 040 ## - CATALOGING SOURCE |
| Original cataloging agency |
TR-AnTOB |
| Modifying agency |
TR-AnTOB |
| Description conventions |
rda |
| 041 0# - LANGUAGE CODE |
| Language code of text/sound track or separate title |
İngilizce |
| 050 00 - LIBRARY OF CONGRESS CALL NUMBER |
| Classification number |
HV1568 |
| Item number |
.W675 2011 |
| 090 ## - LOCALLY ASSIGNED LC-TYPE CALL NUMBER (OCLC); LOCAL CALL NUMBER (RLIN) |
| Classification number (OCLC) (R) ; Classification number, CALL (RLIN) (NR) |
HV1568 .W675 2011 |
| 245 10 - TITLE STATEMENT |
| Title |
World report on disability / |
| Statement of responsibility, etc. |
The World Bank. |
| 264 #1 - PRODUCTION, PUBLICATION, DISTRIBUTION, MANUFACTURE, AND COPYRIGHT NOTICE |
| Place of production, publication, distribution, manufacture |
Geneva, Switzerland : |
| Name of producer, publisher, distributor, manufacturer |
World Health Organization, |
| Date of production, publication, distribution, manufacture, or copyright notice |
2011 |
| 300 ## - PHYSICAL DESCRIPTION |
| Extent |
xxiii, 325 p. : |
| Other physical details |
ill., ports. ; |
| Dimensions |
28 cm. |
| 336 ## - CONTENT TYPE |
| Content type term |
text |
| Source |
rdacontent |
| 337 ## - MEDIA TYPE |
| Media type term |
unmediated |
| Source |
rdamedia |
| 338 ## - CARRIER TYPE |
| Carrier type term |
volume |
| Source |
rdacarrier |
| 504 ## - BIBLIOGRAPHY, ETC. NOTE |
| Bibliography, etc. note |
|
| 650 00 - SUBJECT ADDED ENTRY--TOPICAL TERM |
| Topical term or geographic name entry element |
People with disabilities |
| General subdivision |
Legal status, laws, etc. |
| Geographic subdivision |
Turkey |
| 9 (RLIN) |
75932 |
|
| Topical term or geographic name entry element |
People with disabilities |
| General subdivision |
Civil rights |
| 9 (RLIN) |
108958 |
|
| Topical term or geographic name entry element |
People with disabilities |
| General subdivision |
Services for |
| 9 (RLIN) |
108959 |
|
| Topical term or geographic name entry element |
People with disabilities |
| General subdivision |
Rehabilitation |
| 9 (RLIN) |
108960 |
|
| Topical term or geographic name entry element |
Barrier-free design |
| General subdivision |
Law and legislation |
| 9 (RLIN) |
108961 |
|
| Topical term or geographic name entry element |
People with disabilities |
| General subdivision |
Education |
| 9 (RLIN) |
108962 |
|
| Topical term or geographic name entry element |
People with disabilities |
| General subdivision |
Employment |
| 9 (RLIN) |
70029 |
| 710 1# - ADDED ENTRY--CORPORATE NAME |
| Corporate name or jurisdiction name as entry element |
World Health Organization |
| 9 (RLIN) |
108957 |
|
| Corporate name or jurisdiction name as entry element |
World Bank |
| 9 (RLIN) |
19811 |
| 942 ## - ADDED ENTRY ELEMENTS (KOHA) |
| Koha item type |
Book |